| 000 | 00554nam a2200157 a 4500 | ||
|---|---|---|---|
| 082 | 0 | 0 |
_a358.20954 _bSAN |
| 100 | 1 |
_aSandes, E. W. C. _949135 |
|
| 245 | 1 | 4 |
_aThe Indian sappers and miners / _cby E.W.C. Sandes. |
| 260 |
_aChatham [Kent] : _bInstitution of Royal Engineers, _c1948. |
||
| 300 |
_axxx, 726 p., [44] leaves of plates (some folded) : _bill. ; _c25 cm. |
||
| 500 | _aThree fold. maps in pocket. | ||
| 526 |
_a0 _b0 _c0 _d358_209540000000000_SAN |
||
| 650 | 0 |
_aMCE _9379 |
|
| 650 | 0 |
_aMilitary engineering _zIndia _xHistory. _949136 |
|
| 942 |
_2ddc _cBK |
||
| 999 |
_c553191 _d553191 |
||